Démocratie et éducation : Suivi de Expérience et Éducation (notice n° 1567452)

détails MARC
000 -LEADER
fixed length control field 01643cam a2200133 4500500
005 - DATE AND TIME OF LATEST TRANSACTION
control field 20251214002803.0
041 ## - LANGUAGE CODE
Language code of text/sound track or separate title fre
042 ## - AUTHENTICATION CODE
Authentication code dc
100 10 - MAIN ENTRY--PERSONAL NAME
Personal name Dewey, John
Relator term author
245 00 - TITLE STATEMENT
Title Démocratie et éducation : Suivi de Expérience et Éducation
260 ## - PUBLICATION, DISTRIBUTION, ETC.
Name of publisher, distributor, etc. Armand Colin,<br/>
Date of publication, distribution, etc. 2022.<br/>
520 ## - SUMMARY, ETC.
Summary, etc. Ce volume propose les deux grands textes de John Dewey sur l’éducation : son traité de pédagogie, Démocratie et Éducation (1916) et Expérience et Éducation (1938) où l’auteur précise sa pensée et répond à ses détracteurs.Dewey place l’expérience au cœur de l’apprentissage et recentre la pédagogie sur l’individu plutôt que sur les savoirs : l’école doit répondre à la curiosité naturelle de l’enfant et lui apprendre à désirer et entreprendre ; les travaux manuels et la vie sociale prennent le pas sur les exercices imposés ; la motivation et l’effort individuel peuvent se substituer à la discipline et au régime de sanction. La finalité de l’école est d’accroître la capacité à agir et c’est en cela qu’elle participe de la démocratie.On se rendra compte de la modernité de la pédagogie de Dewey ou du moins de l’actualité des questions qu’il pose : comment centrer l’éducation sur « les propres activités sociales de l’enfant » plutôt que sur les savoirs ? Comment l’éducation peut-elle préparer l’enfant aux conditions sociales qu’il connaîtra hors de l’école ? Comment rétablir la continuité de l’école et de la société ?
856 41 - ELECTRONIC LOCATION AND ACCESS
Uniform Resource Identifier <a href="https://shs.cairn.info/democratie-et-education--9782200633219?lang=fr&redirect-ssocas=7080">https://shs.cairn.info/democratie-et-education--9782200633219?lang=fr&redirect-ssocas=7080</a>

Pas d'exemplaire disponible.

PLUDOC

PLUDOC est la plateforme unique et centralisée de gestion des bibliothèques physiques et numériques de Guinée administré par le CEDUST. Elle est la plus grande base de données de ressources documentaires pour les Étudiants, Enseignants chercheurs et Chercheurs de Guinée.

Adresse

627 919 101/664 919 101

25 boulevard du commerce
Kaloum, Conakry, Guinée

Réseaux sociaux

Powered by Netsen Group @ 2025